• 首页
  • 本馆介绍
  • 公告通知
  • 最新文献
  • 馆藏检索
  • 电子资源
  • 读者导购
  • 参考咨询
  • 我的图书馆
  • 登录
  • 详细信息显示
  • 放入我的书架
  • 预约/预借图书
  • 作者相关作品
  • 分类相关作品
  • 丛书相关作品
  • 出版社相关作品

书目信息

  • 表格格式
  • 工作单格式
  • 卡片格式
题名:
字体设计的基础表现与视觉传达
    
 
作者: 刘亚平 著
分册:  
出版信息: 北京   中国水利水电出版社  2019
页数: 169页
开本: 24cm
丛书名:
单 册:
中图分类: J292.13 , J293
科图分类:
主题词: 美术字--字体--设计
电子资源:
ISBN: 978-7-5170-7770-1
000 01078nam0 2200241 450
001 2350575524
005 20231224145328.86
010    @a978-7-5170-7770-1@dCNY56.00
100    @a20190808d2019 em y0chiy50 ea
101 0  @achi
102    @aCN@b110000
105    @aa a 000yy
200 1  @a字体设计的基础表现与视觉传达@Azi ti she ji de ji chu biao xian yu shi jue chuan da@f刘亚平著
210    @a北京@c中国水利水电出版社@d2019
215    @a169页@c图 (部分彩图)@d24cm
320    @a有书目 (第168-169页)
330    @a本书是根据字体设计的基本特点, 对其基础表现与视觉传达进行研究论述。通过这些字体设计的内容, 将文字设计的理念与视觉效果传达出来。且本书内容图文并茂, 为使读者提升审美品位运用了大量的案例, 来激发读者的灵感与创意, 并在理论知识和设计实践上进行了相应的结合。全书内容涵盖了字体设计的许多知识, 包括对汉字和拉丁字母的基础介绍、汉字的创意表现、不同领域的字体设计以及对其多元化的探索。
606 0  @a美术字@x字体@x设计
690    @aJ292.13@v5
690    @aJ293@v5
701  0 @a刘亚平@Aliu ya ping@4著
801  0 @aCN@b湖北三新@c20190808
905    @aZUCC@dJ292.13@e135
    
    字体设计的基础表现与视觉传达/刘亚平著.-北京:中国水利水电出版社,2019
    169页:图 (部分彩图);24cm
    
    
    ISBN 978-7-5170-7770-1:CNY56.00
    本书是根据字体设计的基本特点, 对其基础表现与视觉传达进行研究论述。通过这些字体设计的内容, 将文字设计的理念与视觉效果传达出来。且本书内容图文并茂, 为使读者提升审美品位运用了大量的案例, 来激发读者的灵感与创意, 并在理论知识和设计实践上进行了相应的结合。全书内容涵盖了字体设计的许多知识, 包括对汉字和拉丁字母的基础介绍、汉字的创意表现、不同领域的字体设计以及对其多元化的探索。
●
相关链接 在五车中查询图书 在当当中查询图书 在豆瓣中查询图书


正题名:字体设计的基础表现与视觉传达     索取号:J292.13/135         预约/预借

序号 登录号 条形码 馆藏地/架位号 状态 备注
1 2001308896   2001308896   安徽(三新转)/安徽时代(第一批)/919/ [索取号:J292.13/135] 在馆    
2 2001308897   2001308897   安徽(三新转)/安徽时代(第一批)/919/ [索取号:J292.13/135] 在馆    
3 2001308898   2001308898   安徽(三新转)/安徽时代(第一批)/919/ [索取号:J292.13/135] 在馆    
4 2001308899   2001308899   安徽(三新转)/安徽时代(第一批)/919/ [索取号:J292.13/135] 在馆    
5 2001308900   2001308900   安徽(三新转)/安徽时代(第一批)/919/ [索取号:J292.13/135] 在馆    
6 2001308901   2001308901   安徽(三新转)/安徽时代(第一批)/919/ [索取号:J292.13/135] 在馆    
7 2001308902   2001308902   三新/湖北三新(第三批)/919/ [索取号:J292.13/135] 在馆    
8 2001308903   2001308903   三新/湖北三新(第三批)/919/ [索取号:J292.13/135] 在馆    
9 2001308904   2001308904   三新/湖北三新(第三批)/919/ [索取号:J292.13/135] 在馆    
10 2001308905   2001308905   三新/湖北三新(第三批)/919/ [索取号:J292.13/135] 在馆    
11 2001308906   2001308906   三新/湖北三新(第三批)/919/ [索取号:J292.13/135] 在馆    
12 2001308907   2001308907   三新/湖北三新(第三批)/919/ [索取号:J292.13/135] 在馆    
13 2001308908   2001308908   三新/湖北三新(第三批)/919/ [索取号:J292.13/135] 在馆    
14 2001308909   2001308909   三新/湖北三新(第三批)/919/ [索取号:J292.13/135] 在馆    
15 2001308910   2001308910   三新/湖北三新(第三批)/919/ [索取号:J292.13/135] 在馆    
16 2001308911   2001308911   三新/湖北三新(第三批)/919/ [索取号:J292.13/135] 在馆    
17 2001308912   2001308912   三新/湖北三新(第三批)/919/ [索取号:J292.13/135] 在馆    
18 2001308913   2001308913   三新/湖北三新(第三批)/919/ [索取号:J292.13/135] 在馆    
19 2001308914   2001308914   三新/湖北三新(第三批)/919/ [索取号:J292.13/135] 在馆    
20 2001308915   2001308915   三新/湖北三新(第三批)/919/ [索取号:J292.13/135] 在馆    
21 2001308916   2001308916   三新/湖北三新(第三批)/919/ [索取号:J292.13/135] 在馆    
22 2001308917   2001308917   三新/湖北三新(第三批)/919/ [索取号:J292.13/135] 在馆    
山东省滨州职业学院图书馆 欢迎您!
大连网信软件有限公司© 版权所有